Principles of sugar technology. (Record no. 21123)
[ view plain ]
| 000 -LEADER | |
|---|---|
| fixed length control field | 00345nam a2200133I 4500 |
| 040 ## - CATALOGING SOURCE | |
| Transcribing agency | FQG |
| 082 ## - DEWEY DECIMAL CLASSIFICATION NUMBER | |
| Classification number | 334 ELS 1953 A084 Or. |
| 100 1# - MAIN ENTRY--AUTHOR NAME | |
| Personal name | Honig, Pieter, |
| 245 10 - TITLE STATEMENT | |
| Title | Principles of sugar technology. |
| 260 ## - PUBLICATION, DISTRIBUTION, ETC. (IMPRINT) | |
| Place of publication | Amsterdam,New York, |
| Name of publisher | Elsevier Pub. Co., |
| Year of publication | 1953. |
| 300 ## - PHYSICAL DESCRIPTION | |
| Number of Pages | xxii, 767 p. |
| Other physical details | illus. |
| Dimensions | 25 cm. |
| 650 #0 - SUBJECT ADDED ENTRY--TOPICAL TERM | |
| Topical Term | Sugar. |
| 942 ## - ADDED ENTRY ELEMENTS (KOHA) | |
| Koha item type | ADB |
| 952 ## - LOCATION AND ITEM INFORMATION (KOHA) | |
| Withdrawn status [LOCAL, KOHA] | 0 |
| Permanent Location | Date acquired | Koha item type | Lost status | Shelving location | Barcode | Current Location | Full call number |
|---|---|---|---|---|---|---|---|
| Library Block A | 2023-02-15 | ADB | A084 | a069843 | Library Block A | 334 ELS 1953 A084 Or. |